Entry Personal Name
Number of records used in: 2
001 - CONTROL NUMBER
003 - CONTROL NUMBER IDENTIFIER
005 - DATE AND TIME OF LATEST TRANSACTION
- control field:
20210720122708.0
008 - FIXED-LENGTH DATA ELEMENTS
- fixed length control field:
801010n| azannaabn |n aaa
010 ## - LIBRARY OF CONGRESS CONTROL NUMBER
- LC control number:
n 80129819
035 ## - SYSTEM CONTROL NUMBER
- System control number:
(OCoLC)oca00510196
040 ## - CATALOGING SOURCE
- Original cataloging agency:
DLC
- Language of cataloging:
eng
- Description conventions:
rda
- Transcribing agency:
DLC
- Modifying agency:
DLC
- Modifying agency:
DNLM
046 ## - SPECIAL CODED DATES
100 1# - HEADING--PERSONAL NAME
- Personal name:
Alberts, Bruce
378 ## - FULLER FORM OF PERSONAL NAME
- Fuller form of personal name:
Bruce M.
670 ## - SOURCE DATA FOUND
- Source citation:
ICN-UCLA Symposia on Mechanistic Studies of DNA and Genetic Recombination, Keystone, Colo., 1980. Mechanistic studies ... 1980 (a.e.)
- Information found:
t.p. (Bruce Alberts, Dept. of Biochemistry and Biophysics, U. of Cal., San Francisco)
670 ## - SOURCE DATA FOUND
- Source citation:
The centrosome and the organization of the cytoplasm in the early drosophila embryo, 1995:
- Information found:
label (Bruce M. Alberts) accom. text. mat. (pres., National Academy of Sciences)
670 ## - SOURCE DATA FOUND
- Source citation:
Essential cell biology, 1997:
- Information found:
CIP data sheet (Bruce Alberts; b. 04-14-38)